On Roman Religion: Lived Religion and the Individual in Ancient Rome (Record no. 350526)
[ view plain ]
| 000 -LEADER | |
|---|---|
| fixed length control field | 00363nam a2200109Ia 4500 |
| 008 - FIXED-LENGTH DATA ELEMENTS--GENERAL INFORMATION | |
| fixed length control field | 171211s9999 xx 000 0 und d |
| 245 ## - TITLE STATEMENT | |
| Title | On Roman Religion: Lived Religion and the Individual in Ancient Rome |
| 245 ## - TITLE STATEMENT | |
| Statement of responsibility, etc | Jorg Rupke |
| 260 ## - PUBLICATION, DISTRIBUTION, ETC. (IMPRINT) | |
| Date of publication, distribution, etc | 2016 |
| 650 ## - SUBJECT ADDED ENTRY--TOPICAL TERM | |
| General subdivision | Religion |
| 856 ## - ELECTRONIC LOCATION AND ACCESS | |
| Uniform Resource Identifier | <a href="http://www.ebook777.com/roman-religion-lived-religion-individual-ancient-rome/">http://www.ebook777.com/roman-religion-lived-religion-individual-ancient-rome/</a> |
| Withdrawn status | Lost status | Damaged status | Home library | Current library | Date acquired | Total Checkouts | Date last seen | Price effective from | Koha item type |
|---|---|---|---|---|---|---|---|---|---|
| College Library | College Library | 12/11/2017 | 12/11/2017 | 12/11/2017 | Curriculum - Based eBooks |